[Event "Benidorm Ciegos-ch 15th"]
[Site "Benidorm"]
[Date "2015.06.10"]
[Round "4"]
[White "Escalante Ortega, Fernando"]
[Black "Lopez Perez, Angel Luis"]
[Result "1-0"]
[WhiteElo "1804"]
[BlackElo "1731"]
[PlyCount "145"]
[EventDate "2015.06.07"]
[EventType "swiss"]
[EventRounds "7"]
[EventCountry "ESP"]
[SourceTitle "CBM 167 Extra"]
[Source "ChessBase"]
[SourceDate "2015.09.14"]
[SourceVersion "1"]
[SourceVersionDate "2015.09.14"]
[SourceQuality "1"]

1. e4 c5 2. Nf3 d6 3. d4 cxd4 4. Nxd4 Nf6 5. Nc3 Nc6 6. Be2 e5 7. Nb3 Be6 8. Bg5 Be7 9. Qd2 a6 10. Rd1 Qc7 11. Bxf6 gxf6 12. Nd5 Bxd5 13. exd5 Nb8 14. Bd3 h6 15. h4 Nd7 16. Rh3 Bf8 17. Bf5 Rc8 18. Rc3 Qd8 19. Na5 Rc7 20. h5 Ke7 21. Nb3 Rg8 22. g4 Bg7 23. Qe3 Re8 24. Rxc7 Qxc7 25. Rd3 Rc8 26. Rc3 Qd8 27. Rxc8 Qxc8 28. Qd3 Qc7 29. Kd2 Nc5 30. Qc3 Nxb3+ 31. axb3 Qxc3+ 32. bxc3 Kd8 33. Kd3 Kc7 34. Kc4 Bf8 35. Kb4 Kb6 36. Bd7 Be7 37. f3 Bd8 38. Kc4 Kc7 39. Bf5 Be7 40. Kd3 Kd8 41. Ke4 b6 42. Kd3 Bf8 43. Ke3 Be7 44. Bd3 a5 45. Bb5 Bf8 46. Ke4 Ke7 47. Kf5 Bg7 48. b4 axb4 49. cxb4 Bh8 50. c3 Bg7 51. Ba4 Kd8 52. Ke4 Kc7 53. Bc2 Kd8 54. Ke3 Kc7 55. Bh7 Kd8 56. Kd3 b5 57. Ke3 Kc7 58. Bd3 Kb6 59. Bf5 Kc7 60. Ke4 Bh8 61. Bh7 Kb7 62. Kd3 Kc7 63. c4 bxc4+ 64. Kxc4 Kb6 65. Bf5 Bg7 66. Bd7 Bh8 67. Be6 fxe6 68. dxe6 Kc7 69. b5 Bg7 70. b6+ Kxb6 71. e7 f5 72. gxf5 Bf6 73. e8Q 1-0

[Event "Benidorm Ciegos-ch 15th"]
[Site "Benidorm"]
[Date "2015.06.08"]
[Round "2"]
[White "Villoria Sanchez, Jose Tomas"]
[Black "Escalante Ortega, Fernando"]
[Result "0-1"]
[WhiteElo "1675"]
[BlackElo "1804"]
[PlyCount "58"]
[EventDate "2015.06.07"]
[EventType "swiss"]
[EventRounds "7"]
[EventCountry "ESP"]
[SourceTitle "CBM 167 Extra"]
[Source "ChessBase"]
[SourceDate "2015.09.14"]
[SourceVersion "1"]
[SourceVersionDate "2015.09.14"]
[SourceQuality "1"]

1. e4 c5 2. c4 Nc6 3. Nf3 d6 4. h3 g6 5. Nc3 Bg7 6. d3 Bd7 7. Bd2 a6 8. Be2 Rb8 9. Qc2 b5 10. b3 b4 11. 0-0 Bxc3 12. Bxc3 bxc3 13. Qxc3 e5 14. Qd2 f5 15. Rfe1 f4 16. Kh2 h5 17. Rh1 g5 18. Kg1 Qf6 19. Rf1 g4 20. hxg4 hxg4 21. Rxh8 Qxh8 22. Nh2 Nf6 23. g3 f3 24. Nxf3 gxf3 25. Bxf3 Nd4 26. Qd1 Nxf3+ 27. Qxf3 Qh6 28. Qh1 Qxh1+ 29. Kxh1 Ke7 0-1

[Event "Linares FEDC-ch 24th"]
[Site "Linares"]
[Date "2014.11.16"]
[Round "1"]
[White "Martinez Perez, Carlos"]
[Black "Escalante Ortega, Fernando"]
[Result "0-1"]
[WhiteElo "1508"]
[BlackElo "1814"]
[PlyCount "98"]
[EventDate "2014.11.16"]
[EventType "swiss"]
[EventRounds "8"]
[EventCountry "ESP"]
[SourceTitle "CBM 163 Extra"]
[Source "ChessBase"]
[SourceDate "2014.12.23"]
[SourceVersion "1"]
[SourceVersionDate "2014.12.23"]
[SourceQuality "1"]

1. e4 c5 2. Nf3 Nc6 3. c3 d5 4. exd5 Qxd5 5. d4 Bg4 6. Be2 e6 7. 0-0 Nf6 8. Be3 cxd4 9. Nxd4 Bxe2 10. Qxe2 Nxd4 11. Bxd4 Be7 12. Nd2 0-0 13. Nf3 Rfd8 14. Rfd1 Qh5 15. Qe5 Rd5 16. Qxh5 Nxh5 17. Rd2 Bf6 18. Rad1 Bxd4 19. Rxd4 Rad8 20. Rxd5 Rxd5 21. Rxd5 exd5 22. g3 Kf8 23. Nd4 Nf6 24. f3 a6 25. Kf2 g6 26. Ke3 Ke7 27. Kd3 Kd6 28. b3 Nd7 29. Nc2 Nc5+ 30. Ke3 Ne6 31. Nd4 Ke5 32. Nxe6 fxe6 33. f4+ Kf5 34. h3 h5 35. Kf3 g5 36. g4+ hxg4+ 37. hxg4+ Kf6 38. a4 gxf4 39. Kxf4 e5+ 40. Ke3 b6 41. b4 b5 42. axb5 axb5 43. Kf3 Kg5 44. Kg3 e4 45. Kf2 Kxg4 46. Ke3 Kg3 47. Ke2 Kf4 48. Kf2 e3+ 49. Ke2 Ke4 0-1

[Event "Calvia Amateur op 10th"]
[Site "Calvia"]
[Date "2013.10.13"]
[Round "9"]
[White "Escalante Ortega, Fernando"]
[Black "Al Hosani, Omran"]
[Result "1/2-1/2"]
[WhiteElo "1887"]
[BlackElo "1632"]
[PlyCount "34"]
[EventDate "2013.10.05"]
[EventType "swiss"]
[EventRounds "9"]
[EventCountry "ESP"]
[SourceTitle "EXT 2014"]
[Source "ChessBase"]
[SourceDate "2013.11.20"]
[SourceVersion "1"]
[SourceVersionDate "2013.11.20"]
[SourceQuality "1"]

1. e4 c5 2. Nf3 e6 3. d4 cxd4 4. Nxd4 a6 5. Bd3 Nf6 6. Nc3 Qc7 7. 0-0 b5 8. a4 b4 9. Na2 Bb7 10. Re1 Nc6 11. Nxc6 Bxc6 12. c3 bxc3 13. Nxc3 d6 14. Bg5 Be7 15. Rc1 Qb7 16. Qe2 0-0 17. Rb1 h6 1/2-1/2

[Event "Calvia Amateur op 10th"]
[Site "Calvia"]
[Date "2013.10.10"]
[Round "6"]
[White "Esbensen, Hans Fredrik"]
[Black "Escalante Ortega, Fernando"]
[Result "0-1"]
[WhiteElo "1727"]
[BlackElo "1887"]
[PlyCount "80"]
[EventDate "2013.10.05"]
[EventType "swiss"]
[EventRounds "9"]
[EventCountry "ESP"]
[SourceTitle "EXT 2014"]
[Source "ChessBase"]
[SourceDate "2013.11.20"]
[SourceVersion "1"]
[SourceVersionDate "2013.11.20"]
[SourceQuality "1"]

1. b3 e5 2. Bb2 Nc6 3. c4 f5 4. e3 Nf6 5. Nf3 d6 6. Be2 g6 7. 0-0 Bg7 8. Qc1 0-0 9. c5 Qe7 10. cxd6 cxd6 11. Na3 Rd8 12. d4 e4 13. Nd2 d5 14. Nb5 Ne8 15. Ba3 Qf6 16. f3 a6 17. Nc3 Nxd4 18. Rb1 Nxf3+ 19. gxf3 Qxc3 20. Kf2 Qxc1 21. Rbxc1 Be6 22. Rc2 Rdc8 23. Rfc1 Rxc2 24. Rxc2 Rc8 25. Rc5 Rxc5 26. Bxc5 Nf6 27. b4 exf3 28. Kxf3 Nd7 29. Bd6 Bf8 30. Bxf8 Kxf8 31. a3 Ke7 32. Nb3 Kd6 33. b5 axb5 34. Bxb5 Nc5 35. Nd4 Bd7 36. Be2 Ne4 37. h4 Ke5 38. Nb3 b6 39. Nc1 Nd2+ 40. Kf2 Nc4 0-1

[Event "Valladolid Once-ch 23rd"]
[Site "Valladolid"]
[Date "2012.11.23"]
[Round "6"]
[White "Escalante Ortega, Fernando"]
[Black "Fernandez Manrique, Agustin"]
[Result "0-1"]
[WhiteElo "1851"]
[BlackElo "2189"]
[PlyCount "104"]
[EventDate "2012.11.18"]
[EventType "swiss"]
[EventRounds "8"]
[EventCountry "ESP"]
[SourceTitle "CBM 151 Extra"]
[Source "ChessBase"]
[SourceDate "2012.12.18"]
[SourceVersion "1"]
[SourceVersionDate "2012.12.18"]
[SourceQuality "1"]

1. e4 e6 2. Nf3 d5 3. Nc3 Nf6 4. e5 Nfd7 5. d4 c5 6. dxc5 Nc6 7. Bf4 Bxc5 8. Bd3 h6 9. Bg3 a6 10. 0-0 0-0 11. Re1 Bb4 12. a3 Bxc3 13. bxc3 Qa5 14. Re3 Nc5 15. Qe1 Bd7 16. Nd4 Nxd4 17. cxd4 Qxe1+ 18. Raxe1 Nxd3 19. Rxd3 Rfc8 20. c3 Bb5 21. Rde3 Rc4 22. f4 Rac8 23. Rc1 Rxd4 24. cxd4 Rxc1+ 25. Re1 Rc2 26. Ra1 Ba4 27. Be1 Rc4 28. Bf2 b5 29. Be3 Bb3 30. Rc1 Ra4 31. Rb1 Ba2 32. Ra1 Rxa3 33. Bc1 Ra4 34. Bb2 b4 35. Kf2 Bb3 36. Ke3 Rxa1 37. Bxa1 a5 38. Kd2 a4 39. Bb2 h5 40. h4 Kh7 41. g3 Kg6 42. Ke3 Bd1 43. Kd2 Bg4 44. Kd3 Kf5 45. Ke3 Bd1 46. Kd2 Bf3 47. Ke3 Kg4 48. Kf2 Be4 49. Ba1 a3 50. f5 b3 51. f6 gxf6 52. exf6 b2 0-1

[Event "Valladolid Once-ch 23rd"]
[Site "Valladolid"]
[Date "2012.11.18"]
[Round "1"]
[White "Escalante Ortega, Fernando"]
[Black "Lago Carballo, Carmen"]
[Result "1-0"]
[WhiteElo "1851"]
[BlackElo "1464"]
[PlyCount "83"]
[EventDate "2012.11.18"]
[EventType "swiss"]
[EventRounds "8"]
[EventCountry "ESP"]
[SourceTitle "CBM 151 Extra"]
[Source "ChessBase"]
[SourceDate "2012.12.18"]
[SourceVersion "1"]
[SourceVersionDate "2012.12.18"]
[SourceQuality "1"]

1. e4 d5 2. exd5 Qxd5 3. Nc3 Qa5 4. d4 c6 5. Bc4 Nf6 6. Bd2 Qc7 7. Nf3 Bf5 8. 0-0 e6 9. Re1 Bd6 10. h3 0-0 11. Ne5 Nbd7 12. f4 h6 13. Bb3 Rad8 14. Qe2 Nd5 15. Ne4 Be7 16. c3 N5f6 17. Ng3 Bh7 18. Rad1 a6 19. Bc1 Nd5 20. Rf1 Bh4 21. Nh1 Be7 22. g3 N5f6 23. Nf2 Nd5 24. g4 Nxe5 25. dxe5 Bc5 26. Bxd5 cxd5 27. Be3 Bxe3 28. Qxe3 Rd7 29. Rd4 Rfd8 30. Qc1 b5 31. Rfd1 Rc8 32. a3 Qc6 33. Qe3 Rdc7 34. R1d2 Qb6 35. Rxd5 Qb8 36. Rd6 Kf8 37. Qd4 Re8 38. Rxa6 Rcc8 39. Qd6+ Qxd6 40. Rdxd6 g6 41. Rac6 Kg7 42. Ne4 1-0

[Event "Collado Villalba op-B 29th"]
[Site "Collado Villalba"]
[Date "2012.08.27"]
[Round "4"]
[White "Escalante Ortega, Fernando"]
[Black "Plazuelo Pascual, Juan"]
[Result "1/2-1/2"]
[WhiteElo "1867"]
[BlackElo "1721"]
[PlyCount "37"]
[EventDate "2012.08.24"]
[EventType "swiss"]
[EventRounds "9"]
[EventCountry "ESP"]
[SourceTitle "CBM 150 Extra"]
[Source "ChessBase"]
[SourceDate "2012.10.19"]
[SourceVersion "1"]
[SourceVersionDate "2012.10.19"]
[SourceQuality "1"]

1. e4 e6 2. Nf3 d5 3. Nc3 Nf6 4. e5 Nfd7 5. d4 c5 6. dxc5 Nc6 7. Bf4 Bxc5 8. Bd3 f6 9. exf6 Nxf6 10. 0-0 0-0 11. Bg5 a6 12. Qd2 e5 13. Bxf6 Rxf6 14. Nxd5 Rd6 15. Rad1 Be6 16. c4 b5 17. b3 bxc4 18. bxc4 h6 19. Be4 1/2-1/2

[Event "Benidorm FEDC op 12th"]
[Site "Benidorm"]
[Date "2012.06.22"]
[Round "6"]
[White "Escalante Ortega, Fernando"]
[Black "Parreno Cueto, Andres"]
[Result "0-1"]
[WhiteElo "1872"]
[BlackElo "1804"]
[PlyCount "100"]
[EventDate "2012.06.17"]
[EventType "swiss"]
[EventRounds "7"]
[EventCountry "ESP"]
[SourceTitle "EXT 2024"]
[Source "ChessBase"]
[SourceDate "2023.10.10"]
[SourceVersion "1"]
[SourceVersionDate "2023.10.10"]
[SourceQuality "1"]

1. e4 e6 2. Nf3 d5 3. Nc3 Nf6 4. e5 Nfd7 5. d4 c5 6. dxc5 Nc6 7. Bf4 Bxc5 8. Bd3 f6 9. exf6 Nxf6 10. 0-0 0-0 11. Bg3 a6 12. a3 Nh5 13. Re1 Nxg3 14. hxg3 b5 15. b4 Bb6 16. Bf1 g5 17. Re2 g4 18. Nh2 Bd4 19. Na2 Bxa1 20. Qxa1 e5 21. c3 Bf5 22. Rd2 Be6 23. Qd1 h5 24. Nc1 Qf6 25. f3 Kh8 26. Nd3 Rad8 27. Nc5 d4 28. cxd4 Rxd4 29. Nxe6 Rxd2 30. Qxd2 Qxe6 31. Be2 Nd4 32. Bd1 gxf3 33. Nxf3 Nxf3+ 34. Bxf3 Qg6 35. Kh2 Rg8 36. g4 hxg4 37. Bxg4 Qg5 38. Qxg5 Rxg5 39. Bf3 Kg7 40. Bb7 Kf6 41. Bxa6 e4 42. Kg1 Ke5 43. Bxb5 Kd4 44. Bf1 Kc3 45. b5 e3 46. Kh2 Rf5 47. Be2 Rf2 48. Bg4 e2 49. Bxe2 Rxe2 50. Kh3 Ra2 0-1

[Event "Benidorm FEDC op 12th"]
[Site "Benidorm"]
[Date "2012.06.20"]
[Round "4"]
[White "Escalante Ortega, Fernando"]
[Black "Bernabe Monteagudo, Francesc"]
[Result "1/2-1/2"]
[WhiteElo "1872"]
[BlackElo "1798"]
[PlyCount "26"]
[EventDate "2012.06.17"]
[EventType "swiss"]
[EventRounds "7"]
[EventCountry "ESP"]
[SourceTitle "EXT 2024"]
[Source "ChessBase"]
[SourceDate "2023.10.10"]
[SourceVersion "1"]
[SourceVersionDate "2023.10.10"]
[SourceQuality "1"]

1. e4 e6 2. Nf3 d5 3. Nc3 Nf6 4. e5 Nfd7 5. d4 c5 6. dxc5 Nxc5 7. Be2 Nc6 8. 0-0 a6 9. Re1 h6 10. h3 b5 11. Bf1 Bb7 12. Bf4 b4 13. Ne2 Ne4 1/2-1/2

[Event "Mondariz op U2300 9th"]
[Site "Mondariz"]
[Date "2012.04.04"]
[Round "5"]
[White "Escalante Ortega, Fernando"]
[Black "Clemente Llamero, Roberto"]
[Result "0-1"]
[WhiteElo "1873"]
[BlackElo "2146"]
[PlyCount "62"]
[EventDate "2012.03.31"]
[EventType "swiss"]
[EventRounds "8"]
[EventCountry "ESP"]
[SourceTitle "CBM 147 Extra"]
[Source "ChessBase"]
[SourceDate "2012.04.24"]
[SourceVersion "1"]
[SourceVersionDate "2012.04.24"]
[SourceQuality "1"]

1. e4 c6 2. d4 d5 3. Nc3 dxe4 4. f3 exf3 5. Nxf3 Bg4 6. Bc4 e6 7. 0-0 Nf6 8. Ne2 Be7 9. c3 Nbd7 10. Bf4 0-0 11. h3 Bh5 12. Ng3 Bg6 13. Bd3 c5 14. Bxg6 hxg6 15. Qb3 cxd4 16. cxd4 Qb6 17. Qxb6 Nxb6 18. Ne2 Nfd5 19. Bh2 Rac8 20. Rfc1 Na4 21. b3 Nac3 22. Kf2 Nxe2 23. Kxe2 Ba3 24. Rc4 b5 25. Rc5 Bxc5 26. dxc5 Rxc5 27. Ne1 Rfc8 28. Bg1 Rc1 29. Rxc1 Rxc1 30. Bxa7 Ra1 31. Bd4 Rxa2+ 0-1

[Event "Salou op 14th"]
[Site "Salou"]
[Date "2011.06.24"]
[Round "6"]
[White "Escalante Ortega, Fernando"]
[Black "Amores Cano, Victor"]
[Result "1-0"]
[WhiteElo "1896"]
[BlackElo "1763"]
[PlyCount "105"]
[EventDate "2011.06.19"]
[EventType "swiss"]
[EventRounds "7"]
[EventCountry "ESP"]
[SourceTitle "CBM 143 Extra"]
[Source "ChessBase"]
[SourceDate "2011.08.29"]
[SourceVersion "1"]
[SourceVersionDate "2011.08.29"]
[SourceQuality "1"]

1. e4 c5 2. Nf3 Nc6 3. d4 cxd4 4. Nxd4 Qb6 5. Nb3 Nf6 6. Nc3 e6 7. Bd3 a6 8. 0-0 Be7 9. a4 Qc7 10. Re1 d6 11. Bf1 0-0 12. Be3 b6 13. g3 Bb7 14. Bg2 Rad8 15. Qe2 Rfe8 16. Rad1 Ne5 17. Nd2 Rc8 18. h3 Nfd7 19. f4 Nc4 20. Nxc4 Qxc4 21. Qxc4 Rxc4 22. Bf1 Rc7 23. Rd2 Rb8 24. Bd3 Nc5 25. Bf2 Nxd3 26. cxd3 Ba8 27. Ree2 Bf6 28. d4 Rc4 29. e5 Be7 30. Rc2 d5 31. b3 Rc7 32. Nxd5 Rxc2 33. Nxe7+ Kf8 34. Rxc2 Kxe7 35. Rc7+ Ke8 36. Be1 Bd5 37. Bb4 Rb7 38. Rc3 Kd7 39. Bd6 g6 40. Kf2 Ra7 41. g4 Bc6 42. Kg3 Ra8 43. Kh4 Rh8 44. Kg5 h6+ 45. Kf6 Rh7 46. Bf8 Bd5 47. Bg7 h5 48. g5 Ke8 49. h4 Be4 50. b4 Bd5 51. Rc7 Be4 52. Rxf7 Bf5 53. Rb7 1-0

[Event "Salou op 14th"]
[Site "Salou"]
[Date "2011.06.23"]
[Round "5"]
[White "Garcia Andrinal, Antonio"]
[Black "Escalante Ortega, Fernando"]
[Result "1-0"]
[WhiteElo "1752"]
[BlackElo "1896"]
[PlyCount "87"]
[EventDate "2011.06.19"]
[EventType "swiss"]
[EventRounds "7"]
[EventCountry "ESP"]
[SourceTitle "CBM 143 Extra"]
[Source "ChessBase"]
[SourceDate "2011.08.29"]
[SourceVersion "1"]
[SourceVersionDate "2011.08.29"]
[SourceQuality "1"]

1. e4 c5 2. Nf3 Nc6 3. d4 cxd4 4. Nxd4 Nf6 5. Nc3 e5 6. Ndb5 d6 7. Bg5 a6 8. Na3 b5 9. Bxf6 gxf6 10. Nd5 Be6 11. c3 Be7 12. Nc2 f5 13. exf5 Bxf5 14. Nce3 Be6 15. Bd3 Bg5 16. Bf5 Bxe3 17. Nxe3 Ne7 18. Bxe6 fxe6 19. Qg4 Qd7 20. Qg7 0-0-0 21. Qg4 Rhg8 22. Qe4 Nc6 23. c4 d5 24. cxd5 exd5 25. Qf5 Qxf5 26. Nxf5 Rg5 27. Rc1 Kd7 28. Ne3 d4 29. Nd5 Kd6 30. Nf6 Rg6 31. Ne4+ Ke7 32. 0-0 d3 33. Rfd1 Rd4 34. f3 Nb8 35. Rc3 Nc6 36. Rcxd3 Rxd3 37. Rxd3 Nd4 38. Kf2 Ne6 39. Rc3 Nf4 40. g3 Nd5 41. Rc5 Nb4 42. Rxe5+ Kd7 43. Rh5 Nxa2 44. Nc5+ 1-0

[Event "Salou op 14th"]
[Site "Salou"]
[Date "2011.06.21"]
[Round "3"]
[White "Martinez Colomar, Alejandro"]
[Black "Escalante Ortega, Fernando"]
[Result "0-1"]
[WhiteElo "1792"]
[BlackElo "1896"]
[PlyCount "36"]
[EventDate "2011.06.19"]
[EventType "swiss"]
[EventRounds "7"]
[EventCountry "ESP"]
[SourceTitle "CBM 143 Extra"]
[Source "ChessBase"]
[SourceDate "2011.08.29"]
[SourceVersion "1"]
[SourceVersionDate "2011.08.29"]
[SourceQuality "1"]

1. c4 c5 2. Nc3 Nf6 3. g3 d5 4. cxd5 Nxd5 5. Bg2 Nc7 6. d3 e5 7. Nf3 Nc6 8. Bd2 Be7 9. Rc1 f6 10. Na4 Na6 11. 0-0 Be6 12. a3 Rc8 13. Be3 b6 14. Ng5 fxg5 15. Nc3 0-0 16. Qa4 Nab8 17. Ne4 Na5 18. h3 Bb3 0-1

[Event "Salou op 12th"]
[Site "Salou"]
[Date "2010.06.15"]
[Round "3"]
[White "Escalante Ortega, Fernando"]
[Black "Septien Lopez, Valeriano"]
[Result "1-0"]
[WhiteElo "1853"]
[BlackElo "1918"]
[PlyCount "93"]
[EventDate "2010.06.13"]
[EventType "swiss"]
[EventRounds "7"]
[EventCountry "ESP"]
[SourceTitle "CBM 137 Extra"]
[Source "ChessBase"]
[SourceDate "2010.09.01"]
[SourceVersion "1"]
[SourceVersionDate "2010.09.01"]
[SourceQuality "1"]

1. e4 d5 2. e5 c5 3. f4 Nc6 4. g4 f6 5. Bb5 Qd7 6. h3 a6 7. Bxc6 Qxc6 8. Nf3 b6 9. d4 Bb7 10. c3 e6 11. Be3 Be7 12. Nbd2 Nh6 13. Nf1 Nf7 14. Ng3 fxe5 15. fxe5 0-0-0 16. h4 g6 17. g5 Rdg8 18. Qd2 Kb8 19. 0-0 Qe8 20. Nh2 h6 21. Ng4 hxg5 22. hxg5 Rh4 23. Nf6 Bxf6 24. exf6 Rgh8 25. Rf2 Qb5 26. a4 Qe8 27. a5 b5 28. dxc5 d4 29. Bf4+ Ka8 30. Kf1 Qc6 31. Re1 dxc3 32. Qxc3 Rxf4 33. Qe3 Qg2+ 34. Ke2 Qxf2+ 35. Qxf2 Rxf2+ 36. Kxf2 Bd5 37. Ne2 Nxg5 38. Nf4 Nh3+ 39. Kg3 Nxf4 40. Kxf4 Rh5 41. Re5 Rf5+ 42. Rxf5 exf5 43. Ke5 Bc4 44. Kd6 f4 45. c6 f3 46. c7 Kb7 47. Kd7 1-0

[Event "Albacete op 17th"]
[Site "Albacete"]
[Date "2009.09.01"]
[Round "1"]
[White "Escalante Ortega, Fernando"]
[Black "Guerra Mendez, Jose Angel"]
[Result "0-1"]
[WhiteElo "1867"]
[BlackElo "2438"]
[PlyCount "42"]
[EventDate "2009.09.01"]
[EventType "swiss"]
[EventRounds "9"]
[EventCountry "ESP"]
[SourceTitle "CBM 132 Extra"]
[Source "ChessBase"]
[SourceDate "2009.11.03"]
[SourceVersion "1"]
[SourceVersionDate "2009.11.03"]
[SourceQuality "1"]

1. e4 c5 2. Nf3 d6 3. d4 cxd4 4. Nxd4 Nf6 5. Nc3 a6 6. Bg5 e6 7. f4 Bd7 8. Qf3 Nc6 9. 0-0-0 Qb6 10. Nb3 Be7 11. g4 h6 12. Bh4 g5 13. Bf2 Qc7 14. e5 dxe5 15. fxg5 hxg5 16. Nc5 Nd4 17. Bxd4 Bc6 18. N3e4 Nxe4 19. Nxe4 exd4 20. Qd3 Qf4+ 21. Kb1 Qxe4 0-1

[Event "Collado Villalba op-B 26th"]
[Site "Collado Villalba"]
[Date "2009.08.25"]
[Round "5"]
[White "Escalante Ortega, Fernando"]
[Black "Pardo Vaquero, Ignacio"]
[Result "1-0"]
[WhiteElo "1853"]
[BlackElo "1659"]
[PlyCount "127"]
[EventDate "2009.08.21"]
[EventType "swiss"]
[EventRounds "9"]
[EventCountry "ESP"]
[SourceTitle "EXT 2011"]
[Source "ChessBase"]
[SourceDate "2010.11.26"]
[SourceVersion "1"]
[SourceVersionDate "2010.11.26"]
[SourceQuality "1"]

1. e4 c6 2. d4 d5 3. Nc3 dxe4 4. Nxe4 Nd7 5. Qe2 e6 6. g3 Ngf6 7. Bg2 Nxe4 8. Qxe4 Nf6 9. Qd3 c5 10. Ne2 cxd4 11. Qxd4 Bd6 12. Bf4 Qa5+ 13. Bd2 Qc7 14. 0-0 0-0 15. Bc3 Rd8 16. Rad1 Be7 17. Qe5 Bd6 18. Qg5 h6 19. Qc1 e5 20. Rfe1 Bg4 21. h3 Bh5 22. g4 Bg6 23. Ng3 Rab8 24. Ne4 Bxe4 25. Bxe4 Nxe4 26. Rxe4 f6 27. Rde1 b5 28. R1e2 b4 29. Bd2 a5 30. c4 bxc3 31. Qxc3 Qxc3 32. Bxc3 Bb4 33. Rc4 Bxc3 34. Rxc3 Rd1+ 35. Kg2 Rbd8 36. Rec2 Kh7 37. b3 R8d4 38. Rc4 Kg6 39. h4 h5 40. Rxd4 Rxd4 41. Rc4 Rxg4+ 42. Rxg4+ hxg4 43. a3 Kf5 44. Kg3 g6 45. b4 axb4 46. axb4 Ke4 47. Kxg4 Kd4 48. h5 f5+ 49. Kg5 gxh5 50. Kxf5 e4 51. b5 Kc5 52. Kxe4 Kxb5 53. Kf4 Kc5 54. Kg5 Kd5 55. Kxh5 Ke6 56. Kg6 Ke5 57. Kg5 Ke6 58. f3 Kf7 59. Kf5 Kg7 60. Ke6 Kf8 61. Kf6 Kg8 62. f4 Kf8 63. f5 Kg8 64. Ke7 1-0

[Event "Malaga op 12th"]
[Site "Malaga"]
[Date "2009.07.18"]
[Round "9"]
[White "Escalante Ortega, Fernando"]
[Black "Dominguez Garcia, Francisco"]
[Result "0-1"]
[WhiteElo "1865"]
[BlackElo "1956"]
[PlyCount "112"]
[EventDate "2009.07.11"]
[EventType "swiss"]
[EventRounds "9"]
[EventCountry "ESP"]
[SourceTitle "CBM 131 Extra"]
[Source "ChessBase"]
[SourceDate "2009.09.03"]
[SourceVersion "2"]
[SourceVersionDate "2009.09.16"]
[SourceQuality "1"]

1. e4 d5 2. exd5 Nf6 3. d4 Bg4 4. Nf3 Qxd5 5. Be2 Nc6 6. Be3 0-0-0 7. Nbd2 Qf5 8. h3 Bxf3 9. Bxf3 Nxd4 10. Bxd4 Rxd4 11. 0-0 Qd7 12. c3 Rxd2 13. Qb3 c6 14. Rad1 e6 15. Qa4 Bc5 16. Bxc6 Qxc6 17. Qxc6+ bxc6 18. Rxd2 Rd8 19. Re2 Kc7 20. b4 Be7 21. Rc1 Nd5 22. a3 Nf4 23. Rec2 Rd3 24. Kh2 Bf6 25. g3 Ng6 26. a4 Ne5 27. c4 Ra3 28. a5 Nf3+ 29. Kg2 Nd4 30. Rd2 Bg5 31. f4 Bf6 32. Rb1 Nf5 33. b5 Ne3+ 34. Kh1 Nxc4 35. Rc2 Nxa5 36. Kg2 Rc3 37. Rxc3 Bxc3 38. Rc1 Bd4 39. Kf3 c5 40. Ke4 Nb3 41. Rc2 Kb6 42. Ra2 Na5 43. g4 Kxb5 44. h4 Nc6 45. h5 a5 46. g5 a4 47. f5 exf5+ 48. Kxf5 Nb4 49. Ra3 Bb2 50. Re3 a3 51. Re7 a2 52. Rxf7 a1Q 53. g6 hxg6+ 54. hxg6 Qb1+ 55. Kg5 Bc1+ 56. Kh5 Qd3 0-1

[Event "Malaga op 12th"]
[Site "Malaga"]
[Date "2009.07.13"]
[Round "4"]
[White "De Francisco y de Diego, Felipe"]
[Black "Escalante Ortega, Fernando"]
[Result "1-0"]
[WhiteElo "2044"]
[BlackElo "1865"]
[PlyCount "103"]
[EventDate "2009.07.11"]
[EventType "swiss"]
[EventRounds "9"]
[EventCountry "ESP"]
[SourceTitle "CBM 131 Extra"]
[Source "ChessBase"]
[SourceDate "2009.09.03"]
[SourceVersion "2"]
[SourceVersionDate "2009.09.16"]
[SourceQuality "1"]

1. d4 Nf6 2. c4 g6 3. Nc3 d5 4. cxd5 Nxd5 5. e4 Nxc3 6. bxc3 Bg7 7. Nf3 c5 8. Bb5+ Bd7 9. Be2 cxd4 10. cxd4 Nc6 11. Be3 0-0 12. 0-0 Bg4 13. d5 Ne5 14. Nxe5 Bxe2 15. Qxe2 Bxe5 16. Rad1 Qa5 17. f4 Bg7 18. Rf2 Rfd8 19. Qf3 Rac8 20. e5 Rc3 21. Qe4 Qa3 22. Re2 Rdc8 23. d6 exd6 24. exd6 Rd8 25. Qe7 Rcc8 26. Qxb7 Qa4 27. Red2 Rc2 28. d7 Rxa2 29. Qc7 Bf6 30. Qd6 Rxd2 31. Rxd2 Kg7 32. Qc7 Qe4 33. Kf2 g5 34. fxg5 Be7 35. Qxa7 Qh4+ 36. Kf1 Qxh2 37. Qd4+ Kg8 38. Qe4 Bf8 39. Bb6 Qb8 40. Bxd8 Qxd8 41. Qe8 Qxg5 42. Qxf8+ Kxf8 43. d8Q+ Qxd8 44. Rxd8+ Kg7 45. Kf2 Kf6 46. Rd5 Kg6 47. Kf3 Kf6 48. Kf4 Kg6 49. g4 Kf6 50. Rd6+ Kg7 51. Kf5 Kg8 52. Kf6 1-0

[Event "Malaga op 12th"]
[Site "Malaga"]
[Date "2009.07.12"]
[Round "3"]
[White "Escalante Ortega, Fernando"]
[Black "Schmidt, Ralf"]
[Result "0-1"]
[WhiteElo "1865"]
[BlackElo "2171"]
[PlyCount "76"]
[EventDate "2009.07.11"]
[EventType "swiss"]
[EventRounds "9"]
[EventCountry "ESP"]
[SourceTitle "CBM 131 Extra"]
[Source "ChessBase"]
[SourceDate "2009.09.03"]
[SourceVersion "2"]
[SourceVersionDate "2009.09.16"]
[SourceQuality "1"]

1. e4 e6 2. Nf3 d5 3. Nc3 Nf6 4. e5 Nfd7 5. d4 c5 6. dxc5 Bxc5 7. Bd3 Nc6 8. Bf4 h6 9. Qe2 g5 10. Bg3 a6 11. 0-0 b5 12. Rfe1 Be7 13. Nxd5 exd5 14. e6 Nf6 15. exf7+ Kxf7 16. Ne5+ Nxe5 17. Bxe5 Bg4 18. f3 Bc5+ 19. Kh1 Bd7 20. c3 Re8 21. Qc2 Rg8 22. b4 Be7 23. Re2 Qb6 24. Rae1 Rae8 25. Bd4 Qc6 26. Bf5 Bxf5 27. Qxf5 Bd8 28. Bxf6 Bxf6 29. Rxe8 Rxe8 30. Qh7+ Bg7 31. Qf5+ Kg8 32. Rxe8+ Qxe8 33. Qxd5+ Kh8 34. g3 Bxc3 35. Qd6 Qe1+ 36. Kg2 Qd2+ 37. Qxd2 Bxd2 38. a3 Bc1 0-1

[Event "Bilbao-ch blind 21st"]
[Site "Bilbao"]
[Date "2008.11.22"]
[Round "7"]
[White "Gimeno Diaz, Fernando"]
[Black "Escalante Ortega, Fernando"]
[Result "1-0"]
[WhiteElo "1945"]
[BlackElo "1872"]
[PlyCount "61"]
[EventDate "2008.11.16"]
[EventType "swiss"]
[EventRounds "8"]
[EventCountry "ESP"]
[SourceTitle "CBM 127 Extra"]
[Source "ChessBase"]
[SourceDate "2009.01.08"]
[SourceVersion "2"]
[SourceVersionDate "2009.01.28"]
[SourceQuality "1"]

1. d4 Nf6 2. Nf3 d5 3. c4 e6 4. Nc3 c6 5. Bg5 Nbd7 6. e3 Bb4 7. Bd3 Qa5 8. Bxf6 Bxc3+ 9. bxc3 Qxc3+ 10. Kf1 Nxf6 11. Ne5 Nd7 12. Rc1 Qa5 13. cxd5 Nxe5 14. dxe5 Qxd5 15. Qc2 Qxe5 16. Ke2 Qh5+ 17. f3 0-0 18. g4 Qh4 19. g5 g6 20. Rcg1 Qb4 21. h4 e5 22. h5 Qd6 23. hxg6 fxg6 24. Rh6 Kg7 25. Rgh1 Rg8 26. Rxh7+ Kf8 27. R1h6 b6 28. Bxg6 Ba6+ 29. Kf2 Rxg6 30. Qf5+ Ke8 31. Qf7+ 1-0